000 00812naa a2200229 c 4500
001 26163
003 ES-MaCES
005 19981124115300.0
008 931227n1993 sp ||| | spa d
035 _aCES19980000965v
040 _aES-MaCES
_bspa
_cES-MaCES
100 1 _aCamps Ruiz, Luis Miguel
_98856
245 1 0 _aAdhesión y extensión de convenios colectivos (y II)
_cLuis Miguel Camps Ruiz
650 4 _aconvenio colectivo
_928361
650 4 _anegociación colectiva
_928362
650 4 _aextensión del convenio colectivo
_930041
653 1 0 _aRelaciones laborales-Empleo
773 0 _tActualidad laboral
_gAlcobendas, Madrid. - 1993, n. 10 (8-14 marzo) ; p. 157-169
_w(ES-MaCES)25022
902 _aART Artículo de revista
942 _2CES
_cAR
_h2.0.
999 _c26163
_d26163